| 000 -ლიდერი |
| ფიქსირებული სიგრძის საკონტროლო ველი |
01475nam a2200265Ia 4500 |
| 001 - საკონტროლო ნომერი |
| საკონტროლო ველი |
352 |
| 003 - საკონტროლო ნომრის იდენტიფიკატორი |
| საკონტროლო ველი |
GE_BSU |
| 005 - ბოლო ოპერაციის თარიღი და დრო |
| საკონტროლო ველი |
20200203154139.0 |
| 008 - ფიქსირებული სიგრძის მონაცემთა ელემენტები - ზოგადი ინფორმაცია |
| ფიქსირებული სიგრძის საკონტროლო ველი |
181216s2004||||ge |||||||||||||| ||geo|| |
| 020 ## - წიგნის საერთაშორისო სტანდარტული ნომერი |
| International Standard Book Number |
9992809744 |
| 040 ## - კატალოგიზაციის წყარო |
| Transcribing agency |
GE_BSU |
| 041 ## - ენის კოდი |
| Language code of text/sound track or separate title |
geo |
| 080 ## - უნივერსალური ათობითი კლასიფიკაციის ინდექსი |
| Universal Decimal Classification number |
338((100)075.8) მ-80 |
| 100 ## - მთავარი ჩანაწერი - პიროვნების სახელი |
| Personal name |
მოვსესიანი, ა.გ. |
| 9 (RLIN) |
6711 |
| 245 ## - ცნობა სათაურის შესახებ |
| Title |
მსოფლიო ეკონომიკა : |
| Remainder of title |
[სახელმძღვ. 2 ტომად. ტ. 2. / |
| Statement of responsibility, etc |
ა.გ. მოვსესიანი, ს.ბ. ოგნივცევი; სარედ. კოლ.: შოთა ვეშაპიძე, ნანა ასლამაზიშვილი, ეკა ლეკაშვილი და სხვ] ; რუს. თარგმნა შოთა ვეშაპიძემ. |
| 264 ## - წარმოების, გამოცემის, დისტრიბუციის და სხვა ცნობები |
| გამოცემის, წარმოების, დისტრიბუციის... ადგილი |
თბილისი : |
| გამოცემის, წარმოების, დისტრიბუციის... სახელწოდება |
სოც.-ეკონ. ინ-ტი, |
| გამოცემის, წარმოების, დისტრიბუციის... თარიღი |
2004. |
| 300 ## - ფიზიკური აღწერა |
| Extent |
332 გვ. |
| Other physical details |
ცხრ.. |
| Dimensions |
20სმ. |
| 504 ## - BIBLIOGRAPHY, ETC. NOTE |
| Bibliography, etc |
ბიბლიოგრ. ტექსტ. შენიშვნ. |
| 653 ## - INDEX TERM--UNCONTROLLED |
| Uncontrolled term |
ეკონომიკა |
| 653 ## - INDEX TERM--UNCONTROLLED |
| Uncontrolled term |
მსოფლიო ეკონომიკის სახელმძღვანელოები |
| 700 ## - ADDED ENTRY--PERSONAL NAME |
| Personal name |
ოგნივცევი, ს.ბ. |
| Relator term |
ავტორი |
| 9 (RLIN) |
6712 |
| 700 ## - ADDED ENTRY--PERSONAL NAME |
| Personal name |
ვეშაპიძე, შოთა |
| 9 (RLIN) |
6713 |
| 700 ## - ADDED ENTRY--PERSONAL NAME |
| Personal name |
ასლამაზიშვილი, ნანა |
| Relator term |
რედაქტორი |
| 9 (RLIN) |
6714 |
| 942 ## - ADDED ENTRY ELEMENTS (KOHA) |
| Koha item type |
წიგნი |
| Source of classification or shelving scheme |
|